<?xml version="1.0" encoding="UTF-8"?>
<record
    xmlns:xsi="http://www.w3.org/2001/XMLSchema-instance"
    xsi:schemaLocation="http://www.loc.gov/MARC21/slim http://www.loc.gov/standards/marcxml/schema/MARC21slim.xsd"
    xmlns="http://www.loc.gov/MARC21/slim">

  <leader>00969nam a22001457a 4500</leader>
  <controlfield tag="003">LRUA</controlfield>
  <controlfield tag="005">20210111131322.0</controlfield>
  <controlfield tag="008">201229b        xxu||||| |||| 00| 0 eng d</controlfield>
  <datafield tag="040" ind1=" " ind2=" ">
    <subfield code="c">RUA</subfield>
  </datafield>
  <datafield tag="082" ind1=" " ind2=" ">
    <subfield code="2">FOR CHH 2019 B544 Or.</subfield>
  </datafield>
  <datafield tag="245" ind1=" " ind2=" ">
    <subfield code="a">The effect of hormone On Growth of Acacia hybrid Through Cutting At Hun Sen Meanok Pulpwood Tree planting Station In Samaki Meanchey District,kampong Chhnang Province,&#x17A5;&#x1791;&#x17D2;&#x1792;&#x17B7;&#x1796;&#x179B;&#x1793;&#x17C3;&#x1780;&#x17B6;&#x179A;&#x1794;&#x17D2;&#x179A;&#x17BE;&#x1794;&#x17D2;&#x179A;&#x17B6;&#x179F;&#x17CB;&#x17A2;&#x17D0;&#x179A;&#x1798;&#x17C9;&#x17BC;&#x1793;&#x1791;&#x17C5;&#x179B;&#x17BE;&#x1780;&#x17B6;&#x179A;&#x178A;&#x17BB;&#x17C7;&#x179B;&#x17BC;&#x178F;&#x179B;&#x17B6;&#x179F;&#x17CB;&#x1780;&#x17BC;&#x1793;&#x17A2;&#x17B6;&#x1780;&#x17B6;&#x179F;&#x17D2;&#x1799;&#x17B6;&#x200B;&#x178F;&#x17B6;&#x1798;&#x179A;&#x1799;&#x17C8;&#x1780;&#x17B6;&#x179A;&#x1780;&#x17B6;&#x178F;&#x17CB;&#x178F;&#x17D2;&#x179A;&#x17BC;&#x178F;&#x1794;&#x178E;&#x17D2;&#x178A;&#x17BB;&#x17C7;&#x1793;&#x17C4;&#x179F;&#x17D2;&#x1790;&#x17B6;&#x1793;&#x17B8;&#x1799;&#x178A;&#x17B6;&#x17C6;&#x1788;&#x17BE;&#x1798;&#x17D2;&#x179F;&#x17C5;&#x1780;&#x17D2;&#x179A;&#x178A;&#x17B6;&#x179F;&#x200B; &#x17A0;&#x17CA;&#x17BB;&#x1793;&#x200B; &#x179F;&#x17C2;&#x1793;&#x200B;&#x200B; &#x1798;&#x17B6;&#x1793;&#x1780; &#x179F;&#x17D2;&#x179A;&#x17BB;&#x1780;&#x179F;&#x17B6;&#x1798;&#x1782;&#x17D2;&#x1782;&#x17B8;&#x1798;&#x17B6;&#x1793;&#x1787;&#x17D0;&#x1799; &#x1781;&#x17C1;&#x178F;&#x17D2;&#x178F;&#x1780;&#x17C6;&#x1796;&#x1784;&#x17CB;&#x1786;&#x17D2;&#x1793;&#x17B6;&#x17C6;&#x1784;</subfield>
  </datafield>
  <datafield tag="260" ind1=" " ind2=" ">
    <subfield code="a">phnom penh </subfield>
    <subfield code="b">RUA </subfield>
    <subfield code="c">2019 </subfield>
  </datafield>
  <datafield tag="300" ind1=" " ind2=" ">
    <subfield code="a">xi,38p,</subfield>
    <subfield code="b">ill,</subfield>
    <subfield code="c">29cm,</subfield>
  </datafield>
  <datafield tag="942" ind1=" " ind2=" ">
    <subfield code="2">ddc</subfield>
    <subfield code="c">FOR</subfield>
  </datafield>
  <datafield tag="999" ind1=" " ind2=" ">
    <subfield code="c">19616</subfield>
    <subfield code="d">19616</subfield>
  </datafield>
  <datafield tag="952" ind1=" " ind2=" ">
    <subfield code="0">0</subfield>
    <subfield code="1">0</subfield>
    <subfield code="2">ddc</subfield>
    <subfield code="4">0</subfield>
    <subfield code="6">FOR_CHH_2019_000000000000000_B544_OR</subfield>
    <subfield code="7">0</subfield>
    <subfield code="9">86232</subfield>
    <subfield code="a">LBB</subfield>
    <subfield code="b">LBB</subfield>
    <subfield code="c">B544</subfield>
    <subfield code="d">2020-12-29</subfield>
    <subfield code="o">FOR CHH 2019 B544 Or.</subfield>
    <subfield code="p">A064546</subfield>
    <subfield code="r">2020-12-29</subfield>
    <subfield code="w">2020-12-29</subfield>
    <subfield code="y">FOR</subfield>
  </datafield>
  <datafield tag="952" ind1=" " ind2=" ">
    <subfield code="0">0</subfield>
    <subfield code="1">0</subfield>
    <subfield code="2">ddc</subfield>
    <subfield code="4">0</subfield>
    <subfield code="6">FOR_CHH_2019_000000000000000_B544_OR</subfield>
    <subfield code="7">0</subfield>
    <subfield code="9">86233</subfield>
    <subfield code="a">LBB</subfield>
    <subfield code="b">LBB</subfield>
    <subfield code="c">B544</subfield>
    <subfield code="d">2020-12-29</subfield>
    <subfield code="o">FOR CHH 2019 B544 Or.</subfield>
    <subfield code="p">A064486</subfield>
    <subfield code="r">2020-12-29</subfield>
    <subfield code="w">2020-12-29</subfield>
    <subfield code="y">FOR</subfield>
  </datafield>
  <datafield tag="952" ind1=" " ind2=" ">
    <subfield code="0">0</subfield>
    <subfield code="1">0</subfield>
    <subfield code="2">ddc</subfield>
    <subfield code="4">0</subfield>
    <subfield code="6">FOR_CHH_2019_000000000000000_B544_OR</subfield>
    <subfield code="7">0</subfield>
    <subfield code="9">86234</subfield>
    <subfield code="a">LBB</subfield>
    <subfield code="b">LBB</subfield>
    <subfield code="c">B544</subfield>
    <subfield code="d">2020-12-29</subfield>
    <subfield code="o">FOR CHH 2019 B544 Or.</subfield>
    <subfield code="p">A064426</subfield>
    <subfield code="r">2020-12-29</subfield>
    <subfield code="w">2020-12-29</subfield>
    <subfield code="y">FOR</subfield>
  </datafield>
  <datafield tag="952" ind1=" " ind2=" ">
    <subfield code="0">0</subfield>
    <subfield code="1">0</subfield>
    <subfield code="2">ddc</subfield>
    <subfield code="4">0</subfield>
    <subfield code="6">FOR_CHH_2019_000000000000000_B544_OR</subfield>
    <subfield code="7">0</subfield>
    <subfield code="9">86235</subfield>
    <subfield code="a">LBB</subfield>
    <subfield code="b">LBB</subfield>
    <subfield code="c">B544</subfield>
    <subfield code="d">2020-12-29</subfield>
    <subfield code="o">FOR CHH 2019 B544 Or.</subfield>
    <subfield code="p">A064526</subfield>
    <subfield code="r">2020-12-29</subfield>
    <subfield code="w">2020-12-29</subfield>
    <subfield code="y">FOR</subfield>
  </datafield>
  <datafield tag="952" ind1=" " ind2=" ">
    <subfield code="0">0</subfield>
    <subfield code="1">0</subfield>
    <subfield code="2">ddc</subfield>
    <subfield code="4">0</subfield>
    <subfield code="6">FOR_CHH_2019_000000000000000_B544_OR</subfield>
    <subfield code="7">0</subfield>
    <subfield code="9">86236</subfield>
    <subfield code="a">LBB</subfield>
    <subfield code="b">LBB</subfield>
    <subfield code="c">B544</subfield>
    <subfield code="d">2020-12-29</subfield>
    <subfield code="o">FOR CHH 2019 B544 Or.</subfield>
    <subfield code="p">A064454</subfield>
    <subfield code="r">2020-12-29</subfield>
    <subfield code="w">2020-12-29</subfield>
    <subfield code="y">FOR</subfield>
  </datafield>
  <datafield tag="952" ind1=" " ind2=" ">
    <subfield code="0">0</subfield>
    <subfield code="1">0</subfield>
    <subfield code="2">ddc</subfield>
    <subfield code="4">0</subfield>
    <subfield code="6">FOR_CHH_2019_000000000000000_B544_OR</subfield>
    <subfield code="7">0</subfield>
    <subfield code="9">86237</subfield>
    <subfield code="a">LBB</subfield>
    <subfield code="b">LBB</subfield>
    <subfield code="c">B544</subfield>
    <subfield code="d">2020-12-29</subfield>
    <subfield code="o">FOR CHH 2019 B544 Or.</subfield>
    <subfield code="p">A064702</subfield>
    <subfield code="r">2020-12-29</subfield>
    <subfield code="w">2020-12-29</subfield>
    <subfield code="y">FOR</subfield>
  </datafield>
</record>
